000 00816nas a2200277 4500
001 BR8002342
003 BR-BrBNA
005 20231205084308.0
007 ta
008 230509b bl.|||p| |||| 00| 00por d
040 _aBR-BrBNA
_bpor
_cBiblioteca Nacional de Agricultura
041 _a(En, Pt)
072 _aE15; B50
100 1 _aAnon.
245 1 _aO passado e o futuro da Fazenda Resgate [Cafe; Rendimento; Vale do Paraiba; Sao Paulo; Brasil]
650 _aMicroeconomia
650 _aHistoria
650 _aCafe
650 _aRendimento
650 _aFazenda
650 _aVale do Paraiba
650 _aSao Paulo
773 0 _tRevista do Comercio de Cafe (Brazil)
_xISSN 0034-9224
_g(Jul 1980), v. 60(661) p. 6-11
_wBR8002342
909 _a202311
_bLúcia
_c55
_dLúcia Elande
942 _2AGRIS
_n0
_cANA
999 _c104333
_d104333